000 00436pab a2200169 454500
008 180718b1998 xxu||||| |||| 00| 0 eng d
100 _aReddappa Reddy, V.
245 _aNGOs and people's role in joint forest management
260 _c1998
300 _ap.13-17
362 _aAug
650 _aNongovernmental organizations
650 _aForest management
700 _aChenna Reddy, D.
773 _aKurukshetra
909 _a38668
999 _c38668
_d38668